000 01026nam a2200301 i 4500
001 000028463
003 DO-SdBNP
005 20260129124003.0
007 ta
008 110408s2010 dr ac r 000 0 spa d
020 _a9789945163636
040 _aDO-SdBNP
_bspa
_cBNPHU
_erda
041 _aspa
082 4 _axxxx
_bP426h
_222
100 1 _aPeralta Michel, José,
_eautor
_4aut.
_937113
245 1 0 _aHistoria del seguro de vida en República Dominicana /
_cJosé Peralta Michel ; corrección de estilo, Daniel Cruz
264 1 _aSanto Domingo :
_bEditora Búho,
_c2010.
300 _a168 páginas :
_bilustraciones, retratos ;
_c22 cm.
336 _atexto
_btxt
_2rdacontent
337 _asin mediación
_bn
_2rdamedia
338 _avolumen
_bnc
_2rdacarrier
500 _aIncluye índice
500 _aIncluye datos biográficos del autor en la contracubierta
504 _aBibliografía : páginas 167-168
590 _aInventariado, 2026/BT
700 1 _aCruz, Daniel,
_ecorrector
_4corr.
_931683
942 _2ddc
_cLBS1
999 _c27955
_d27955